| Tag |
First Indicator |
Second Indicator |
Subfields |
| LEADER |
00000cam a2200000 a 4500 |
| 001 |
in00000091792 |
| 005 |
20150923131833.0 |
| 008 |
810903m19821984nyua b 00110 eng |
| 010 |
|
|
|a 81014322
|
| 019 |
|
|
|a 10289475
|
| 020 |
|
|
|a 0070286310 (v. 1)
|
| 020 |
|
|
|a 0070286329 (v. 2)
|
| 035 |
|
|
|a (OCoLC)07811659
|
| 035 |
|
|
|9 AAK7127AM
|
| 039 |
0 |
|
|a 2
|b 3
|c 3
|d 3
|e 3
|
| 040 |
|
|
|a DLC
|c DLC
|d TXA
|d UtOrBLW
|
| 049 |
|
|
|a TXAM
|v 1 [1362527]
|v 2 [804587]
|
| 050 |
0 |
0 |
|a T57.6
|b .H49 1982
|
| 082 |
0 |
|
|a 001.4/24
|2 19
|
| 100 |
1 |
|
|a Heyman, Daniel P.
|
| 245 |
1 |
0 |
|a Stochastic models in operations research /
|c Daniel P. Heyman, Matthew J. Sobel.
|
| 264 |
|
1 |
|a New York :
|b McGraw-Hill,
|c ©1982-©1984.
|
| 300 |
|
|
|a 2 volumes :
|b illustrations ;
|c 25 cm.
|
| 336 |
|
|
|a text
|b txt
|2 rdacontent
|
| 337 |
|
|
|a unmediated
|b n
|2 rdamedia
|
| 338 |
|
|
|a volume
|b nc
|2 rdacarrier
|
| 490 |
1 |
|
|a McGraw-Hill series in quantitative methods for management
|
| 504 |
|
|
|a Includes bibliographies and indexes.
|
| 505 |
0 |
|
|a v. 1. Stochastic processes and operating characteristics -- v. 2. Stochastic optimization.
|
| 650 |
|
0 |
|a Operations research.
|
| 650 |
|
0 |
|a Stochastic processes.
|
| 650 |
|
0 |
|a Stochastic programming.
|
| 700 |
1 |
|
|a Sobel, Matthew J.
|
| 830 |
|
0 |
|a McGraw-Hill series in quantitative methods for management.
|
| 999 |
|
|
|a MARS
|
| 999 |
f |
f |
|s bcd55e13-2504-35d5-a03f-6377aff94d78
|i c036fd3b-d3ea-33c7-b1c9-af24b6da725d
|t 0
|
| 952 |
f |
f |
|p ric
|a Texas A&M University
|b Rellis Campus
|c Joint Library Facility
|d Remote Storage
|t 0
|e T57.6 .H49 1982
|h Library of Congress classification
|i unmediated -- volume
|k v.1
|m A14806002722
|
| 952 |
f |
f |
|p ric
|a Texas A&M University
|b Rellis Campus
|c Joint Library Facility
|d Remote Storage
|t 0
|e T57.6 .H49 1982
|h Library of Congress classification
|i unmediated -- volume
|k v.2
|m A14807597322
|
| 998 |
f |
f |
|a T57.6 .H49 1982
|s v.1-v.2
|t 0
|l Remote Storage
|